01129cam a22002651 4500001001300000003000400013005001700017008004100034010001700075035001900092040006300111042001200174050002600186051003400212100004600246245010800292260004800400300006300448490005400511500014900565504004100714650002400755810006700779999001700846e 32000393 DLC20260227111222.0770218s1932 dcuaf b 000 0 eng c ae 32000393  a(OCoLC)2748035 aU. S. Office of Education. LibrarycABAUdABAUdOCoLCdDLC apremarc00aL111b.A6 1932, no. 5 aL111b.A6 1932 no. 5cCopy 2.1 aAbel, James F.q(James Frederick),d1878-10aEducation in Belgium,cby James F. Abel, chief Division of Foreign School Systems, Office of Education. aWashington,bU.S. Govt. Print. Off.,c1932. avii, 145 p.bincl. tables, diagr., front., plates.c23 cm.1 aU. S. Office of Education. Bulletin, 1932,vno. 5 aAt head of title: United States Department of the interior. Ray Lyman Wilbur, secretary. Office of education. William John Cooper, commissioner. aBibliography at end of each chapter. 0aEducationzBelgium.1 aUnited States.bOffice of Education.tBulletin ;v1932, no. 5. c21226d21226